MPK Włocławek Linia W1 - Statystyki

Ogólne statystyki
  • Ten quiz został rozwiązany 4 razy
  • Średni wynik to 6 z 11
Statystyki odpowiedzi
Uwagi Przystanek % Poprawnych
. Jedwabna
100%
. Jezioro Czarne
100%
n/ż Jezioro Wikaryjskie
100%
. Jezioro Wikaryjskie (pętla)
100%
Budowlanych Hutnicza
50%
Promienna dw zazamcze
50%
Promienna (pętla)
50%
20-go Stycznia
0%
. Al Chopina Chmielna
0%
Kapitulna Urząd Pracy
0%
. Okrzei Al Chopina
0%
Nie znaleziono quizów pasujących do podanych kryteriów
Rozkład punktacji
Procent ludzi z każdym wynikiem
Percentyl według liczby udzielonych odpowiedzi
Twoja historia wyników
Nie rozwiązałeś tego quizu